Kémia 5. pH számolása, pufferek /

Elmentve itt :
Bibliográfiai részletek
Szerző: Alapi Tünde
Dokumentumtípus: Videó
Megjelent: 2019
Kulcsszavak:kémia
Tárgyszavak:
Online Access:http://eta.bibl.u-szeged.hu/3265
LEADER 00833ngm a2200217 i 4500
001 eta3265
005 20260305150054.0
008 220531s2019 hu o 000 hun d
040 |a SZTE Elektronikus Tananyag Archívum  |b hun 
041 |a hun 
100 1 |a Alapi Tünde 
245 1 0 |a Kémia 5.   |h [elektronikus dokumentum] :  |b pH számolása, pufferek /  |c  Alapi Tünde 
260 |c 2019 
516 |a Video 
650 4 |a Természettudományok 
650 4 |a Kémiai tudományok 
650 4 |a Szervetlen és nukleáris kémia 
695 |a kémia 
856 4 0 |u https://eta.bibl.u-szeged.hu/3265/1/K%C3%A9mia%205%20-%20pH%20sz%C3%A1mol%C3%A1s%2C%20pufferek.mp4  |z Dokumentum-elérés  
856 4 0 |u https://eta.bibl.u-szeged.hu/3265/2/felirat.vtt  |z Dokumentum-elérés  
856 4 0 |u https://eta.bibl.u-szeged.hu/3265/3/felirat.html  |z Dokumentum-elérés